[Event "ZH-2010-0-00413"]
[Site "LSS email"]
[Date "2010.05.04"]
[Round "?"]
[White "Auar, Marillia Raeder"]
[Black "Obukhov, Gennady Nikolaevich"]
[Result "1/2-1/2"]
[WhiteElo "1474"]
[BlackElo "2006"]
[PlyCount "46"]
[EventDate "2010.04.02"]
[EventType "match (corr)"]
[EventRounds "2"]
[EventCountry "GER"]
[SourceTitle "Telechess CBM 141"]
[Source "ChessBase"]
[SourceDate "2011.03.17"]
[SourceVersion "1"]
[SourceVersionDate "2011.03.17"]
[SourceQuality "1"]

1. d4 d5 2. a3 a5 3. Nf3 Nf6 4. c4 e6 5. Nc3 Be7 6. Bf4 0-0 7. e3 Nbd7 8. Nb5 Ne8 9. Qc2 c6 10. Nc3 Nd6 11. c5 Nf5 12. Bd3 g5 13. Bg3 h5 14. Bxf5 exf5 15. h4 g4 16. Ne5 Nxe5 17. Bxe5 Re8 18. Ne2 Bf6 19. Bxf6 Qxf6 20. 0-0-0 a4 21. Nf4 Qh6 22. Kb1 Kg7 23. g3 Rh8 1/2-1/2

[Event "LSS SN-2006-0-00001"]
[Site "LSS email"]
[Date "2006.05.23"]
[Round "?"]
[White "Bert, Ben"]
[Black "Auar, Marillia Raeder"]
[Result "0-1"]
[WhiteElo "447"]
[BlackElo "1474"]
[PlyCount "20"]
[EventDate "2006.04.15"]
[EventType "tourn (corr)"]
[EventCountry "GER"]
[SourceTitle "Corr 2015"]
[Source "ChessBase"]
[SourceDate "2015.07.17"]
[SourceVersion "1"]
[SourceVersionDate "2015.07.17"]
[SourceQuality "1"]

1. e4 d5 2. Nc3 d4 3. Nce2 e5 4. d3 Nc6 5. Nf3 Nf6 6. Bg5 Be6 7. Qd2 h6 8. Bxf6 Qxf6 9. c3 0-0-0 10. Nc1 Be7 0-1